000 00299 a2200085 4500
999 _c20502
_d20502
003 WA 310
005 20211105115901.0
008 211105s1998 pl |||f u||| 000 0 pol d
020 _a8323620393
040 _aWA 310
_cWA 310
041 _apol
_heng
245 0 0 _aLasery i sprzęt laserowy - Przyrząd laserowy - Minimalne wymagania dotyczące dokumentacji PN-EN 31252:1998P /
_cNKP nr 59.
246 1 3 _aPN-EN 31252
246 1 3 _aICS 31.260
246 1 3 _aPolska Norma
246 3 1 _aLasers and laser-related equipment - Laser device - Minimum requirements for documentation (ISO 11252:1993)
260 _aWarszawa :
_bPKN,
_c1998.
300 _a4 strony ;
_c30 cm.
336 _2rdacontent
_aTekst
_btxt
337 _2rdamedia
_aBez urządzenia pośredniczącego
_bn
338 _2rdacarrier
_aWolumin
_bnc
500 _aWprowadza EN 31252:1994, IDT ; ISO 11252:1993, IDT ; Zatwierdzona 23 lipca 1998 r.
500 _aNorma Europejska EN 31252:1994 [...] ma status Polskiej Normy.
590 _6Status: wycofana ; Zastąpiona przez PN-EN ISO 11252:2005 wersja angielska.
710 _91107
_aPolska.
_bPolski Komitet Normalizacyjny.
920 _a83-236-2039-3
942 _2ddc
_cBK